000 00821nam a2200253 i 4500
001 12783
003 ES-MaACL
005 20230906150410.0
007 t|
008 900625s1988 sp b |||| | spa j
020 _a84-85691-46-6
080 _a016:331.105.44(460)(093)
080 _a331.105.44(460)(093):016
100 1 _aMartín Nájera, Aurelio.
_977584
245 1 0 _aFuentes para la historia de la Unión General de Trabajadores /
_cpor Aurelio Martín Nájera y Antonio González Quintana.
250 _a1ª ed.
260 _aMadrid :
_bPablo Iglesias,
_c1988.
300 _aXX, 628 p. ;
_c25 cm.
500 _aÍndices.
504 _aBibliografía: p. 625.
610 2 _aUGT-
_vHistoria-
_vFuentes-
_vBibliografías.
_97031
700 1 _aGonzález Quintana, Antonio.
_958892
852 _aES-MaACL
_jL-20003
999 _c12783
_d12783